[Event "HUN-chT2 Charousek 1819"]
[Site "Hungary"]
[Date "2019.01.27"]
[Round "6.7"]
[White "Koban, Balint"]
[Black "Vargyas, Zoltan"]
[Result "1-0"]
[WhiteElo "2231"]
[BlackElo "1989"]
[PlyCount "99"]
[EventDate "2018.09.23"]
[EventType "team-tourn"]
[EventRounds "11"]
[EventCountry "HUN"]
[SourceTitle "CBM 189 Extra"]
[Source "ChessBase"]
[SourceDate "2019.05.31"]
[SourceVersion "1"]
[SourceVersionDate "2019.05.31"]
[SourceQuality "1"]
[WhiteTeam "Aquaprofit Nagykanizsa II"]
[BlackTeam "Balatonfuered"]
[WhiteTeamCountry "HUN"]
[BlackTeamCountry "HUN"]

1. e4 c5 2. Nf3 Nc6 3. b3 d6 4. Bb2 e5 5. Be2 Nf6 6. d3 Be7 7. 0-0 0-0 8. Nbd2 Bd7 9. a4 a6 10. c3 d5 11. exd5 Nxd5 12. c4 Ndb4 13. Nxe5 Nxe5 14. Bxe5 Bf5 15. Ne4 Qd7 16. Bc3 Rad8 17. Bxb4 cxb4 18. Qc2 Bg6 19. Rad1 Qd4 20. Bf3 b6 21. Rfe1 Rd7 22. Qe2 Kh8 23. Bh5 Bf5 24. Qe3 g6 25. Bf3 Rfd8 26. Qxd4+ Rxd4 27. Ng3 Be6 28. Be4 Bc5 29. Ne2 Bg4 30. Nxd4 Rxd4 31. Bf3 Bf5 32. Re8+ Kg7 33. Be4 Bg4 34. Rd2 Be6 35. h3 h5 36. a5 bxa5 37. Ra8 Rd6 38. Ra2 f5 39. Bf3 Rxd3 40. Rxa5 Bd4 41. R5xa6 Kf7 42. Bc6 Rxb3 43. Be8+ Ke7 44. Bxg6 Bxc4 45. Re8+ Kd7 46. Raa8 Rb1+ 47. Kh2 Kd6 48. Red8+ Ke5 49. Ra5+ Kf6 50. Rxd4 1-0

[Event "HUN-chT2 Charousek 1415"]
[Site "Hungary"]
[Date "2015.01.25"]
[Round "5"]
[White "Gombocz, Ferenc"]
[Black "Koban, Balint"]
[Result "0-1"]
[WhiteElo "1935"]
[BlackElo "2221"]
[PlyCount "74"]
[EventDate "2014.10.12"]
[EventType "team-tourn"]
[EventRounds "9"]
[EventCountry "HUN"]
[SourceTitle "EXT 2016"]
[Source "ChessBase"]
[SourceDate "2015.10.08"]
[SourceVersion "1"]
[SourceVersionDate "2015.10.08"]
[SourceQuality "1"]
[WhiteTeam "Biatorbagy"]
[BlackTeam "Aquaprofit II"]
[WhiteTeamCountry "HUN"]
[BlackTeamCountry "HUN"]

1. e4 c5 2. c3 g6 3. d4 cxd4 4. cxd4 d5 5. exd5 Qxd5 6. Nc3 Qd8 7. Bb5+ Bd7 8. Bxd7+ Nxd7 9. Nf3 Bg7 10. 0-0 Ngf6 11. Qe2 0-0 12. h3 a6 13. a4 Nb6 14. Bf4 Rc8 15. Be5 Qd7 16. a5 Nc4 17. Rfd1 Qd8 18. b4 Re8 19. Rac1 Bh6 20. Rb1 Nd5 21. Na4 Qd7 22. Nc5 Qb5 23. Qe4 Nc3 24. Qh4 Nxe5 25. Nxe5 Bg7 26. Ne4 Nxd1 27. Ng5 h5 28. Ngxf7 Rf8 29. Rxd1 Rxf7 30. Nxf7 Kxf7 31. Qf4+ Qf5 32. Qe3 Rd8 33. d5 Rxd5 34. Rxd5 Qxd5 35. Qf4+ Bf6 36. Qc7 Qd1+ 37. Kh2 Qd6+ 0-1

[Event "HUN-chT2 Charousek 1314"]
[Site "Hungary"]
[Date "2014.04.27"]
[Round "11"]
[White "Koban, Balint"]
[Black "Biro, Sandor"]
[Result "0-1"]
[WhiteElo "2245"]
[BlackElo "2270"]
[PlyCount "56"]
[EventDate "2013.09.08"]
[EventType "team-tourn"]
[EventRounds "11"]
[EventCountry "HUN"]
[SourceTitle "EXT 2016"]
[Source "ChessBase"]
[SourceDate "2015.10.08"]
[SourceVersion "1"]
[SourceVersionDate "2015.10.08"]
[SourceQuality "1"]
[WhiteTeam "Nagykanizsa II"]
[BlackTeam "Alsoszolnok"]
[WhiteTeamCountry "HUN"]
[BlackTeamCountry "HUN"]

1. e4 e5 2. Nf3 Nc6 3. Bc4 Nf6 4. d3 Be7 5. 0-0 0-0 6. Nc3 d6 7. a4 Bg4 8. h3 Bh5 9. Be3 Kh8 10. a5 a6 11. Kh2 Nb4 12. Bb3 d5 13. exd5 Nfxd5 14. g4 Bg6 15. Qd2 Nxc3 16. Qxc3 Nc6 17. Ra4 f5 18. Kg2 Bd6 19. gxf5 Bxf5 20. Ng5 Nd4 21. Rxd4 exd4 22. Qxd4 Qe8 23. Qd5 Qh5 24. Qxb7 Bxh3+ 25. Kg1 Qg4+ 26. Kh1 Bxf1 27. Qxa8 Qh5+ 28. Kg1 Rxa8 0-1

[Event "HUN-chT2 Charousek 1314"]
[Site "Hungary"]
[Date "2014.02.16"]
[Round "7"]
[White "Koban, Balint"]
[Black "Centgraf, Jozsef"]
[Result "1/2-1/2"]
[WhiteElo "2245"]
[BlackElo "2218"]
[PlyCount "27"]
[EventDate "2013.09.08"]
[EventType "team-tourn"]
[EventRounds "11"]
[EventCountry "HUN"]
[SourceTitle "EXT 2016"]
[Source "ChessBase"]
[SourceDate "2015.10.08"]
[SourceVersion "1"]
[SourceVersionDate "2015.10.08"]
[SourceQuality "1"]
[WhiteTeam "Nagykanizsa II"]
[BlackTeam "Budapest EAC"]
[WhiteTeamCountry "HUN"]
[BlackTeamCountry "HUN"]

1. e4 c5 2. Nf3 a6 3. c3 d5 4. exd5 Qxd5 5. d4 Nf6 6. dxc5 Qxc5 7. Be3 Qc7 8. Nbd2 g6 9. Be2 Bg7 10. Nc4 Nbd7 11. a4 0-0 12. 0-0 Ng4 13. Bg5 Nge5 14. Ncxe5 1/2-1/2

[Event "HUN-chT2 Charousek 1314"]
[Site "Hungary"]
[Date "2014.02.02"]
[Round "6"]
[White "Tomasic, Roland"]
[Black "Koban, Balint"]
[Result "1-0"]
[WhiteElo "2070"]
[BlackElo "2245"]
[PlyCount "61"]
[EventDate "2013.09.08"]
[EventType "team-tourn"]
[EventRounds "11"]
[EventCountry "HUN"]
[SourceTitle "EXT 2016"]
[Source "ChessBase"]
[SourceDate "2015.10.08"]
[SourceVersion "1"]
[SourceVersionDate "2015.10.08"]
[SourceQuality "1"]
[WhiteTeam "Szombathely Haladas II"]
[BlackTeam "Nagykanizsa II"]
[WhiteTeamCountry "HUN"]
[BlackTeamCountry "HUN"]

1. e4 c5 2. Nf3 d6 3. d4 cxd4 4. Nxd4 Nf6 5. Nc3 a6 6. Bc4 e6 7. Bb3 b5 8. 0-0 Bb7 9. Re1 Nc6 10. Nxc6 Bxc6 11. Qf3 Be7 12. Qg3 b4 13. Nd5 exd5 14. exd5 Nh5 15. Qg5 Bd7 16. Bd2 g6 17. Rxe7+ Qxe7 18. Re1 Be6 19. dxe6 f6 20. Qd5 Rb8 21. Bh6 g5 22. Ba4+ Kd8 23. Bd7 Kc7 24. Qc6+ Kd8 25. Re4 d5 26. Qxd5 Rb6 27. Qa8+ Kc7 28. Qxh8 Rb8 29. Rc4+ Kb7 30. Rc8 Qd6 31. Rxb8+ 1-0

[Event "HUN-chT2 Charousek 1213"]
[Site "Hungary"]
[Date "2012.11.18"]
[Round "4"]
[White "Koban, Balint"]
[Black "Vargyas, Zoltan"]
[Result "1-0"]
[WhiteElo "2245"]
[BlackElo "2175"]
[PlyCount "69"]
[EventDate "2012.09.16"]
[EventType "team-tourn"]
[EventRounds "11"]
[EventCountry "HUN"]
[SourceTitle "EXT 2014"]
[Source "ChessBase"]
[SourceDate "2013.11.20"]
[SourceVersion "1"]
[SourceVersionDate "2013.11.20"]
[SourceQuality "1"]
[WhiteTeam "Aquaprofit II"]
[BlackTeam "Balatonfuered"]
[WhiteTeamCountry "HUN"]
[BlackTeamCountry "HUN"]

1. e4 e5 2. Nf3 Nc6 3. Bb5 a6 4. Ba4 Nf6 5. 0-0 Be7 6. Re1 b5 7. Bb3 d6 8. c3 Bb7 9. d4 0-0 10. Nbd2 exd4 11. cxd4 Nb4 12. Qe2 c5 13. a3 c4 14. axb4 cxb3 15. d5 Rc8 16. Nd4 Re8 17. f3 Nd7 18. N2xb3 Rc4 19. Bd2 Bf6 20. Qf2 Ne5 21. Qe3 Qb6 22. Bc3 g5 23. Na5 Rc7 24. Nf5 Qxe3+ 25. Rxe3 Rd8 26. Nxb7 Rxb7 27. Rxa6 Bh8 28. Nxd6 Rbd7 29. Nxb5 Nc4 30. Re2 f5 31. Rc6 Ne5 32. Re6 Nd3 33. g3 Kf7 34. Bxh8 Rxh8 35. Nd6+ 1-0

[Event "HUN-chT2 Charousek 1112"]
[Site "Hungary"]
[Date "2012.05.06"]
[Round "10"]
[White "Rovid, Kalman"]
[Black "Koban, Balint"]
[Result "1/2-1/2"]
[WhiteElo "2254"]
[BlackElo "2275"]
[PlyCount "192"]
[EventDate "2011.09.25"]
[EventType "team-tourn"]
[EventRounds "11"]
[EventCountry "HUN"]
[SourceTitle "EXT 2013"]
[Source "ChessBase"]
[SourceDate "2012.11.22"]
[SourceVersion "1"]
[SourceVersionDate "2012.11.22"]
[SourceQuality "1"]
[WhiteTeam "Haladas II"]
[BlackTeam "Aquaprofit II"]
[WhiteTeamCountry "HUN"]
[BlackTeamCountry "HUN"]

1. e4 e6 2. d4 d5 3. Nd2 Be7 4. Ngf3 Nf6 5. e5 Nfd7 6. Bd3 c5 7. c3 Nc6 8. 0-0 g5 9. Bb5 g4 10. Ne1 cxd4 11. cxd4 Nxd4 12. Bxd7+ Bxd7 13. Qxg4 Nf5 14. Nef3 Qb6 15. Nb3 0-0-0 16. Bg5 Rhg8 17. Qf4 Bxg5 18. Nxg5 Rg7 19. Nf3 Rdg8 20. g3 Rg4 21. Qc1+ Bc6 22. Qc5 Qxc5 23. Nxc5 h5 24. Rfd1 h4 25. Nb3 hxg3 26. hxg3 Rf4 27. Nfd4 Nxg3 28. fxg3 Rxg3+ 29. Kh2 Rg5 30. Rd3 Rf2+ 31. Kh3 Rxe5 32. Rc1 Rxb2 33. Nxc6 bxc6 34. Rxc6+ Kd7 35. Ra6 Ree2 36. a4 Rh2+ 37. Kg3 Rhg2+ 38. Kf3 Rgf2+ 39. Ke3 Rfe2+ 40. Kd4 Rbc2 41. Nc5+ Ke8 42. Rb3 Red2+ 43. Nd3 Rc7 44. Rc3 e5+ 45. Ke3 d4+ 46. Kxd2 dxc3+ 47. Kc2 e4 48. Nf4 e3 49. Rf6 Rc4 50. a5 Ra4 51. Rf5 Re4 52. Ne2 Ke7 53. Kd3 Ra4 54. Kxe3 Ke6 55. Rb5 c2 56. Kd2 f5 57. Kxc2 f4 58. Nc3 Ra1 59. Ne2 Ra4 60. Kd3 a6 61. Rb6+ Ke5 62. Rxa6 f3 63. Nc3 Ra3 64. Ra8 f2 65. Re8+ Kf6 66. Rf8+ Ke7 67. Rxf2 Rxa5 68. Kd4 Ke6 69. Rh2 Ra8 70. Ke4 Kd6 71. Rh5 Rg8 72. Nb5+ Kc6 73. Nd4+ Kb6 74. Kd5 Rc8 75. Rh6+ Ka5 76. Rh1 Kb4 77. Rb1+ Ka3 78. Rb7 Rd8+ 79. Kc4 Rc8+ 80. Kd3 Ka4 81. Rb1 Ka5 82. Ke4 Re8+ 83. Kd5 Rd8+ 84. Kc5 Rc8+ 85. Nc6+ Ka4 86. Rb6 Rh8 87. Kc4 Rh4+ 88. Nd4 Ka5 89. Rd6 Rg4 90. Rh6 Rf4 91. Kc5 Rg4 92. Nc6+ Ka4 93. Ne5 Rg5 94. Kc4 Rxe5 95. Ra6+ Ra5 96. Rxa5+ Kxa5 1/2-1/2

[Event "Fejer County-ch"]
[Site "Szekesfehervar"]
[Date "2012.03.16"]
[Round "3"]
[White "Koban, Balint"]
[Black "Tar, Balazs"]
[Result "0-1"]
[WhiteElo "2267"]
[BlackElo "1488"]
[PlyCount "50"]
[EventDate "2012.03.15"]
[EventType "swiss"]
[EventRounds "7"]
[EventCountry "HUN"]
[SourceTitle "EXT 2019"]
[Source "ChessBase"]
[SourceDate "2018.10.10"]
[SourceVersion "1"]
[SourceVersionDate "2018.10.10"]
[SourceQuality "1"]

1. e4 e5 2. Nf3 Nf6 3. Nxe5 d6 4. Nf3 Nxe4 5. Bc4 d5 6. Bb3 Bc5 7. Ne5 Nxf2 8. Qe2 0-0 9. Rf1 Ne4 10. d3 Nf6 11. Bg5 Qd6 12. Nd2 Re8 13. Ndf3 Nc6 14. d4 Bxd4 15. 0-0-0 Nxe5 16. Rxd4 Nxf3 17. Qxf3 c5 18. Rdd1 Bg4 19. Qf2 Bxd1 20. Kxd1 Ne4 21. Qxf7+ Kh8 22. Bxd5 Nxg5 23. Rf5 Nxf7 24. Rxf7 Qxd5+ 25. Kc1 Re1# 0-1

[Event "HUN-chT2 Charousek 0910"]
[Site "Hungary"]
[Date "2009.12.06"]
[Round "3"]
[White "Kerek, Csaba"]
[Black "Koban, Balint"]
[Result "0-1"]
[WhiteElo "2323"]
[BlackElo "2262"]
[PlyCount "64"]
[EventDate "2009.11.08"]
[EventType "team-tourn"]
[EventRounds "11"]
[EventCountry "HUN"]
[SourceTitle "EXT 2011"]
[Source "ChessBase"]
[SourceDate "2010.11.26"]
[SourceVersion "1"]
[SourceVersionDate "2010.11.26"]
[SourceQuality "1"]
[WhiteTeam "Tatai Honved"]
[BlackTeam "Aquaprofit II"]
[WhiteTeamCountry "HUN"]
[BlackTeamCountry "HUN"]

1. d4 Nf6 2. c4 g6 3. Nc3 d5 4. cxd5 Nxd5 5. Na4 Bg7 6. e4 Nb6 7. Nf3 0-0 8. Be2 N8d7 9. Be3 c6 10. 0-0 e5 11. Bg5 Qe8 12. Nc3 exd4 13. Nxd4 Nc5 14. f3 Qe5 15. Be3 Ne6 16. f4 Qc7 17. Nxe6 Bxe6 18. f5 Bc4 19. f6 Rfd8 20. Qe1 Bf8 21. Bf4 Qd7 22. Kh1 Qe6 23. Qh4 Bxe2 24. Nxe2 Qxe4 25. Ng3 Qd4 26. Rae1 Nd5 27. Re4 Qxb2 28. Be5 Qd2 29. Qh3 Re8 30. Rh4 h6 31. Rd4 Qg5 32. Bf4 Qxf6 0-1

[Event "HUN-chT U18"]
[Site "Miskolc"]
[Date "2009.10.29"]
[Round "7.8"]
[White "Istvanovszky, Martin"]
[Black "Koban, Balint"]
[Result "1/2-1/2"]
[WhiteElo "2199"]
[BlackElo "2262"]
[PlyCount "87"]
[EventDate "2009.10.26"]
[EventType "team-swiss"]
[EventRounds "8"]
[EventCountry "HUN"]
[SourceTitle "EXT 2016"]
[Source "ChessBase"]
[SourceDate "2015.10.08"]
[SourceVersion "1"]
[SourceVersionDate "2015.10.08"]
[SourceQuality "1"]

1. d4 Nf6 2. Bg5 Ne4 3. Bf4 c5 4. f3 Qa5+ 5. c3 Nf6 6. d5 Qb6 7. Na3 Qxb2 8. Nc2 Qxc3+ 9. Kf2 g6 10. e4 Bg7 11. Ne2 Qa5 12. Bd2 Qd8 13. Bc3 d6 14. a4 0-0 15. Ne3 e6 16. Qc2 exd5 17. exd5 Re8 18. Rd1 Qe7 19. Nc4 b6 20. Nf4 Bb7 21. Qb2 Nbd7 22. g4 Ne5 23. Nxe5 dxe5 24. g5 Nd7 25. h4 exf4 26. Bxg7 Qe3+ 27. Kg2 Ne5 28. Bxe5 Rxe5 29. Bc4 Bc8 30. Rhe1 Bh3+ 31. Kh2 Qxf3 32. Rxe5 Qxd1 33. Kxh3 Qf3+ 34. Kh2 Qg3+ 35. Kh1 f3 36. Qh2 Qg4 37. Bf1 Qxa4 38. Qf2 Qd1 39. Qe1 Qd4 40. Qe4 Qf2 41. Re8+ Rxe8 42. Qxe8+ Kg7 43. Qe5+ Kg8 44. Qe8+ 1/2-1/2

[Event "HUN-chT U18"]
[Site "Miskolc"]
[Date "2009.10.29"]
[Round "6.6"]
[White "Koban, Balint"]
[Black "Juhasz, Kristof"]
[Result "1/2-1/2"]
[WhiteElo "2262"]
[BlackElo "2276"]
[PlyCount "42"]
[EventDate "2009.10.26"]
[EventType "team-swiss"]
[EventRounds "8"]
[EventCountry "HUN"]
[SourceTitle "EXT 2016"]
[Source "ChessBase"]
[SourceDate "2015.10.08"]
[SourceVersion "1"]
[SourceVersionDate "2015.10.08"]
[SourceQuality "1"]

1. e4 d6 2. d4 Nf6 3. Nc3 e5 4. Nf3 Nbd7 5. Bc4 Be7 6. 0-0 0-0 7. Re1 a6 8. a4 b6 9. b3 Bb7 10. Bb2 c6 11. d5 Qc7 12. Re2 b5 13. dxc6 bxc4 14. cxb7 Qxb7 15. Ba3 cxb3 16. cxb3 Rfd8 17. Rd2 Rac8 18. Rc1 Rxc3 19. Rxc3 Nxe4 20. Rcd3 Nxd2 21. Rxd2 e4 1/2-1/2

[Event "HUN-chT U18"]
[Site "Miskolc"]
[Date "2009.10.26"]
[Round "1.8"]
[White "Koban, Balint"]
[Black "Csirik, Janos"]
[Result "1-0"]
[WhiteElo "2262"]
[BlackElo "1649"]
[PlyCount "65"]
[EventDate "2009.10.26"]
[EventType "team-swiss"]
[EventRounds "8"]
[EventCountry "HUN"]
[SourceTitle "EXT 2016"]
[Source "ChessBase"]
[SourceDate "2015.10.08"]
[SourceVersion "1"]
[SourceVersionDate "2015.10.08"]
[SourceQuality "1"]

1. e4 e5 2. Nf3 Nc6 3. Bb5 a6 4. Ba4 Nf6 5. 0-0 Be7 6. Re1 b5 7. Bb3 0-0 8. c3 d5 9. exd5 Nxd5 10. Nxe5 Nxe5 11. Rxe5 c6 12. d3 Bd6 13. Re1 Bf5 14. Qf3 Qh4 15. g3 Qh3 16. Nd2 Bg4 17. Qg2 Qh5 18. f3 Bh3 19. Qf2 Rae8 20. Ne4 Bc7 21. Bd2 Qg6 22. d4 h6 23. Bc2 f5 24. Nc5 Qd6 25. Rxe8 Rxe8 26. Re1 Rxe1+ 27. Qxe1 a5 28. Qe8+ Kh7 29. Qh5 Qe7 30. Qxh3 Ne3 31. Bxf5+ Kg8 32. Be6+ Kh8 33. Bxe3 1-0